000 00585nam a2200217 a 4500
001 BRCA_6764
005 20190320205600.0
008 251011s1920----gw-c######---#000-0#ger-#
041 _ager
044 _agw
050 4 _aHX39.5
_bM44
_c1920
245 1 0 _aKarl Marx
_bGeschichte seines Lebens
_cFranz Mehring
250 _a3
260 _aLeipzig, Alemania
_bLeipziger Buchdruckesel
_c1920
300 _a544 p.
_bil., retratos
_c28 cm.
500 _aEstado fĂ­sico: hojas maltratadas
500 _aI130
650 1 4 _aMarx, Karl
_y1818-1883
_916885
902 _aGFM
942 _2lcc
_cB
999 _c6447
_d6447